000 00343pam a2200157a 44500
008 230515b2004 xxu||||| |||| 00| 0 eng d
020 _a0
041 _aENGLISH
082 _a616.07 VAK
100 _aVAKIL R.J.
245 _aPHYSICAL DIANOSIS
250 _a10 TH
260 _aMUMBAI
_bN.D.
_c2004
300 _a576
650 _aPATHOLOGY
999 _c493233
_d493233